The Vampire Diaries Season 4 Trivia Quiz - Statistics

General Stats
  • This quiz has been taken 3,125 times
  • The average score is 7 of 15
Answer Stats
Hint Answer % Correct
Whose vampire blood did Meredith give to heal Elena? Damon's
81%
Who helped Tyler overcome his sire bond to Klaus? Hayley
76%
At the beginning of Season 4 Klaus ends up possessing whose body? Tyler Lockwood
70%
Who killed Connor and triggered the Hunter's Curse? Elena Gilbert
67%
What's the name of the vampire that holds the cure for vampirism? Silas
66%
Who killed Jeremy? Katherine
64%
In the Season 4 finale, who locks Stefan in the safe and pushes him into the quarry? Silas
64%
How did Klaus kill Carol Lockwood? He drowned her
55%
Shane starts to teach Bonnie how to practice what other form of magic? Expression
39%
What was the name of the girl who was sired to Damon in 1942? Charlotte
21%
What does Bonnie promise to give to Katherine? Immortality
21%
Who finally gets the cure? Katherine Pierce
15%
Professor Atticus Shane, teaches about what subject? Witches
11%
Give the name of Bonnie's father. Rudy Hopkins
7%
In what episode does Hayley make her debut appearence? "The Rager"
2%
No matching quizzes found
Score Distribution
Percent of People with Each Score
Percentile by Number Answered
Your Score History
You have not taken this quiz